000 01355nam a2200337Ia 4500
001 ebr10662941
003 CaPaEBR
006 m u
007 cr cn|||||||||
008 100927s2011 nyua sb 001 0 eng d
010 _z 2010041371
020 _z9781612094830
020 _z9781611227604 (hardcover)
040 _aCaPaEBR
_cCaPaEBR
035 _a(OCoLC)761314762
050 1 4 _aRD539
_b.L863 2011eb
082 0 4 _a617.5/42
_222
245 0 0 _aLung transplantation
_h[electronic resource] :
_btherapies, complications, and outcomes /
_ceditors, Richard D. Ferguson and Craig A. Holmer.
260 _aHauppauge, N.Y. :
_bNova Science Publishers,
_cc2011.
300 _axi, 227 p. :
_bill.
490 0 _aOrgan transplantation research horizons
504 _aIncludes bibliographical references and index.
533 _aElectronic reproduction.
_bPalo Alto, Calif. :
_cebrary,
_d2013.
_nAvailable via World Wide Web.
_nAccess may be limited to ebrary affiliated libraries.
650 0 _aLungs
_xTransplantation.
650 0 _aLungs
_xDiseases
_xTreatment.
655 7 _aElectronic books.
_2local
700 1 _aFerguson, Richard D.,
_d1953-
700 1 _aHolmer, Craig A.
710 2 _aebrary, Inc.
856 4 0 _uhttp://site.ebrary.com/lib/rucke/Doc?id=10662941
_zAn electronic book accessible through the World Wide Web; click to view
999 _c171310
_d171310